Julie Andrews' collection of poems, songs, and lullabies / (Record no. 4429)
[ view plain ]
| 000 -LEADER | |
|---|---|
| fixed length control field | 01890cam a2200373 a 4500 |
| 001 - CONTROL NUMBER | |
| control field | 4429 |
| 003 - CONTROL NUMBER IDENTIFIER | |
| control field | FISKH |
| 005 - DATE AND TIME OF LATEST TRANSACTION | |
| control field | 20241025084220.0 |
| 008 - FIXED-LENGTH DATA ELEMENTS--GENERAL INFORMATION | |
| fixed length control field | 090213s2009 nyua j 000 0 eng |
| 010 ## - LIBRARY OF CONGRESS CONTROL NUMBER | |
| LC control number | 2009005121 |
| 020 ## - INTERNATIONAL STANDARD BOOK NUMBER | |
| International Standard Book Number | 9780316040495 (hc) |
| 020 ## - INTERNATIONAL STANDARD BOOK NUMBER | |
| International Standard Book Number | 0316040495 (hc) |
| 040 ## - CATALOGING SOURCE | |
| Original cataloging agency | DLC |
| Transcribing agency | DLC |
| Modifying agency | IG# |
| -- | BTCTA |
| -- | UPZ |
| -- | OCO |
| -- | ORX |
| -- | UUC |
| -- | VP@ |
| -- | XY4 |
| -- | EHH |
| -- | DLC |
| 050 ## - LIBRARY OF CONGRESS CALL NUMBER | |
| Classification number | PN6109.J85 |
| 082 ## - DEWEY DECIMAL CLASSIFICATION NUMBER | |
| Classification number | 808.81 |
| 100 ## - MAIN ENTRY--PERSONAL NAME | |
| Personal name | Andrews, Julie |
| 245 00 - TITLE STATEMENT | |
| Title | Julie Andrews' collection of poems, songs, and lullabies / |
| Statement of responsibility, etc. | selected by Julie Andrews & Emma Walton Hamilton ; paintings by James McMullan. |
| 260 ## - PUBLICATION, DISTRIBUTION, ETC. | |
| Place of publication, distribution, etc. | New York : |
| Name of publisher, distributor, etc. | Little, Brown Books for Young Readers, |
| Date of publication, distribution, etc. | 2012. |
| 300 ## - PHYSICAL DESCRIPTION | |
| Extent | 192 pages : |
| Other physical details | color illustrations ; |
| Dimensions | 26 cm. + |
| Accompanying material | 1 sound disc (digital ; 4 3/4 in.) |
| 505 0# - FORMATTED CONTENTS NOTE | |
| Formatted contents note | CD contents: Introduction -- Loveliest of trees -- Rice pudding -- Pied beauty -- Faith -- Orange -- Runaway -- Something told the wild geese -- Cargoes -- Observation -- If once you have slept on an island -- Bartholomew Blue -- When mother reads aloud -- Trick -- At the theatre -- An attempt at unrhymed verse -- Turkey shot out of the oven -- To an oak tree -- Growing up -- High flight -- King's breakfast -- Toys talk of the world -- Outroduction. |
| 520 ## - SUMMARY, ETC. | |
| Summary, etc. | "Julie Andrews and her daughter, Emma Walton Hamilton, have hand-selected a wonderful mix of their most cherished poems, songs, and lullabies in this rich and diverse poetry collection."--Amazon.com. |
| 650 #0 - SUBJECT ADDED ENTRY--TOPICAL TERM | |
| Topical term or geographic name entry element | Children's poetry. |
| 650 #1 - SUBJECT ADDED ENTRY--TOPICAL TERM | |
| Topical term or geographic name entry element | Children's songs, English |
| Form subdivision | Texts. |
| 650 #0 - SUBJECT ADDED ENTRY--TOPICAL TERM | |
| Topical term or geographic name entry element | Lullabies, English |
| Form subdivision | Texts. |
| 650 #1 - SUBJECT ADDED ENTRY--TOPICAL TERM | |
| Topical term or geographic name entry element | Poetry. |
| 650 #1 - SUBJECT ADDED ENTRY--TOPICAL TERM | |
| Topical term or geographic name entry element | Songs. |
| 650 #1 - SUBJECT ADDED ENTRY--TOPICAL TERM | |
| Topical term or geographic name entry element | Lullabies. |
| 700 1# - ADDED ENTRY--PERSONAL NAME | |
| Personal name | Andrews, Julie. |
| Relator term | Selector |
| 700 1# - ADDED ENTRY--PERSONAL NAME | |
| Personal name | Hamilton, Emma Walton. |
| Relator term | Selector |
| 700 1# - ADDED ENTRY--PERSONAL NAME | |
| Personal name | McMullan, James, |
| Dates associated with a name | 1934- |
| Relator term | illustrator |
| 906 ## - LOCAL DATA ELEMENT F, LDF (RLIN) | |
| a | 7 |
| b | cbc |
| c | orignew |
| d | 1 |
| e | ecip |
| f | 20 |
| g | y-gencatlg |
| 942 ## - ADDED ENTRY ELEMENTS (KOHA) | |
| Source of classification or shelving scheme | Dewey Decimal Classification |
| Koha item type | Books |
| Suppress in OPAC | No |
| Withdrawn status | Lost status | Source of classification or shelving scheme | Damaged status | Not for loan | Collection | Home library | Current library | Shelving location | Date acquired | Total Checkouts | Full call number | Barcode | Date last seen | Copy number | Price effective from | Koha item type |
|---|---|---|---|---|---|---|---|---|---|---|---|---|---|---|---|---|
| Dewey Decimal Classification | Juvenile Fiction | Footprints International School Library Network Toul Kork Campus | Footprints International School Library Network Toul Kork Campus | Librarian's Shelf TK | 09/05/2024 | AND 808.81 PN6109.J85 | 2024-1890 | 09/05/2024 | 2 | 09/05/2024 | Books | |||||
| Dewey Decimal Classification | Juvenile Fiction | Footprints International School Library Network Toul Kork Campus | Footprints International School Library Network Toul Kork Campus | TTP Secondary Fiction Bookshelves | 09/05/2024 | AND 808.81 PN6109.J85 | 2024-2219 | 10/25/2024 | 3 | 09/05/2024 | Books | |||||
| Dewey Decimal Classification | Juvenile Fiction | Footprints International School Library Network Toul Kork Campus | Footprints International School Library Network Toul Kork Campus | TTP Secondary Fiction Bookshelves | 09/05/2024 | AND 808.81 PN6109.J85 | 2024-2220 | 10/25/2024 | 4 | 09/05/2024 | Books | |||||
| Dewey Decimal Classification | Fiction | Footprints International School Library Network Toul Tom Poung Campus | Footprints International School Library Network Toul Tom Poung Campus | TTP Secondary Fiction Bookshelves | 09/05/2024 | AND 808.81 PN6109.J85 | 2024-1889 | 09/05/2024 | 1 | 09/05/2024 | Books |
